1391 1123 1248 1049 1370 1439 1257 1837 1226 1864 1336 1450 1135 1329 1704 1952 1658 1763 1685 1507 1194 1952 1899 1678 1874 1630 1610 1626 1721 1555 1397 1520 1581 1962 1094 1320 1414 1741 1059 1439 1960 1143 1148 1313 1725 1294 1374 1176 1097 1221 1607 1481 1813 1334 1640 1806 1842 1168 1719 1860 1350 1566 1970 1680 1881 1259 1442 1508 1962 1126 1615 1202 1880 1446 1853 1042 1461 1928 1349 1497 1509 1718 1496 1205 1067 1060 1262 1138 1633 1741 1891 1688 1390 1782 1223 1970 1035 1683 1913 BCNSPRNW ULIB Ver.6.0+V

เปลี่ยนเป็นภาษาไทย

Change to English
 แสดงรายละเอียดบรรณานุกรม
  กลับหน้าหลัก

Brief Record : Get Marc (ISO 2709) : E-mail record : QR code < ปิดหน้าต่าง
LEADER : 00000nam 2200000uu 4500
001    13399127162
003     ULIB
008    191018s2561||||th 000 0 tha d
020 ^- ^a9786160622580
050 ^- ^aนว.^bร442บ
100 ^- ^aราตรีนิมิต.
245 10 ^aบุพเพรักร้อยลิขิต /^cราตรีนิมิต.
250 ^- ^aพิมพ์ครั้งที่ 1.
260 ^- ^aกรุงเทพฯ :^bแจ่มใส พับลิชชิ่ง,^c2561
300 ^- ^a450 หน้า.
945    ^p319^l0^i006348
999    ^aประนอม เกษจรัล
รายการนี้ยังไม่มีแท็ก
คุณยังไม่ได้ล็อกอิน คุณสามารถมีกิจกรรมร่วมกับเว็บไซต์ได้ แต่ต้องล็อกอินก่อน ::
  ล็อกอิน

รายการสื่อสารสนเทศ

ลำดับที่ ประเภท เลขเรียก/บาร์โค้ด สถานที่ สถานะ
1. นวนิยาย
นวนิยาย
นว. ร442บ ฉ.1 
  Barcode: 006348
ห้องสมุดวิทยาเขตนครสวรรค์
►นวนิยาย:l:Fiction
บนชั้น

รายการใกล้เคียง
    ผู้แต่ง [ราตรีนิมิต.]

BibComment


ยังไม่เคยถูกคอมเมนท์

คอมเมนท์ทรัพยากรรายการนี้
  คอมเมนท์: บุพเพรักร้อยลิขิ..


 Copyright 2026. Bcnsprnw @Library